000
00287nam a2200145Ia 4500
100
_a
Homer
942
_c
RB
654
_a
ASP 3.0
245
_a
Professional ASP 3.0
260
_b
Shroff Publishers
_c
1999
082
_a
4.65
_b
HOM
300
_a
1276
546
_a
ENGLISH
999
_c
18526
_d
18526